| 000 | 00887nam a22002537a 4500 | ||
|---|---|---|---|
| 008 | 081212t xxu||||| |||| 00| 0beng d | ||
| 010 | _aENG-98822 | ||
| 020 |
_c125.00 _a9788190636971 |
||
| 035 | _aEN-82354 | ||
| 037 | _bDBAD / PUB | ||
| 040 |
_adpl _bEnglish |
||
| 082 | _a530.2462 | ||
| 100 |
_93724 _aAzhagiri, S. |
||
| 245 |
_aA text book of engineering physics / _cby S. Azhagiri |
||
| 260 |
_aChennai _bSams Publishers _c2008 |
||
| 270 |
_a10 Annapooran Flats Nanganallur, _bChennai _e61 |
||
| 300 |
_a345p. _c22cm (pbk) |
||
| 500 | _aIncludes bibliographical references | ||
| 600 |
_aBaba Visakha Singh _xBiography. _93725 |
||
| 650 | _98634 | ||
| 700 | _96162 | ||
| 942 |
_2ddc _cEN _mAZH _h530.2462 |
||
| 999 |
_c40146 _d40146 |
||